000 00829nam a22002417a 4500
005 20110810113757.0
008 110810t xxu||||| |||| 00| 0 eng d
010 _aENG-103457
020 _a9788183683531
_c200.00
035 _aEN-86990
037 _bDBAD/PUB
040 _aDPL
_bEng
082 _aN
100 _931629
_aParthasarathy, Indira
245 _aWings in the void :
_cby Indira Parthasarathy; translated from Tamil by Janaki Venkataraman
_btantra bhoomi /
260 _aChennai
_bNew Horizon Media
_c2007
270 _a33/15, Eldams Road
_bChennai
_k600018
300 _a224p.
_c22cm (pbk)
650 _931639
700 _931640
_aVenkataraman, Janaki
942 _2ddc
_cEN
_mPAR
_hN
999 _c55463
_d55463